Operations research : An introduction (Record no. 203835)

MARC details
000 -LEADER
fixed length control field 00474nam a2200193Ia 4500
008 - FIXED-LENGTH DATA ELEMENTS--GENERAL INFORMATION
fixed length control field 231221s9999 xx 000 0 und d
020 ## - INTERNATIONAL STANDARD BOOK NUMBER
International Standard Book Number 9790000000000
041 ## - LANGUAGE CODE
Language code of text/sound track or separate title English
082 ## - DEWEY DECIMAL CLASSIFICATION NUMBER
Classification number 001.424 TAH;
100 ## - MAIN ENTRY--PERSONAL NAME
Personal name Taha, Hamdy A.
245 #0 - TITLE STATEMENT
Title Operations research : An introduction
250 ## - EDITION STATEMENT
Edition statement 8th ed.
260 ## - PUBLICATION, DISTRIBUTION, ETC.
Date of publication, distribution, etc. 2007
Name of publisher, distributor, etc. PHI
Place of publication, distribution, etc. New Delhi
300 ## - PHYSICAL DESCRIPTION
Extent xx+813
300 ## - PHYSICAL DESCRIPTION
Dimensions 48750
500 ## - GENERAL NOTE
General note SC-ST (1329)
650 ## - SUBJECT ADDED ENTRY--TOPICAL TERM
Topical term or geographic name entry element Operations,research,:,an
942 ## - ADDED ENTRY ELEMENTS (KOHA)
Koha item type Compact Disks
Holdings
Date last seen Total checkouts Full call number Accession number Price effective from Category Lost status Damaged status Department Withdrawn status Home library Current library Shelving location Entry date Vendor Grants Billnumber Billdate Currency symbol Conversion rate Discount Old discount
26/01/2024   001.424 TAH; CD3437 26/01/2024 Compact Disks     Central Library   Central Library Central Library SC-ST   Sapna Book House SC-ST 47601 16/11/2009 RS 1   18
26/01/2024   001.424 TAH; CD3438 26/01/2024 Compact Disks     Central Library   Central Library Central Library SC-ST   Sapna Book House SC-ST 47601 16/11/2009 RS 1   18

© For any Suggestions or Query, please contact the library staff @ librarian@pes.edu or Phone: +9180 2672 1983/ 2108.